Die politische Philosophie des Kurators der Dorpater Universität Alexander Graf Keyserling
| Titel: | Die politische Philosophie des Kurators der Dorpater Universität Alexander Graf Keyserling |
|---|---|
| Verfasser: | |
| In: |
Baltisches Welterlebnis, (2007), Seite 41-60, Abb. alle Artikel anzeigen |
| Veröffentlicht: | 2007 |
| Format: | Aufsatz |
| Sprache: | Deutsch |
X
alg: 39222439 001A $01999:11-11-16 001B $01999:16-05-21 $t20:25:26.000 001D $01999:11-11-16 001U $0utf8 001X $00 002@ $0Aox 003@ $0392224399 007A $0392224399 $aHEB 007T $0Herdc0043145m 010@ $ager 011@ $a2007 021A $aDie @politische Philosophie des Kurators der Dorpater Universität Alexander Graf Keyserling 028A $#Von Pistohlkors, Gert $#Pistohlkors, Gert Olof von $7119483459 $8Pistohlkors, Gert$cvon$Z1935- [Tp1] $9087823128 031A $h41-60, Abb. $j2007 039B $aIn $8--Aau--. Baltisches Welterlebnis. - Heidelberg : Winter, 2007. - 586 S.. - Ill.. - ISBN 978-3-8253-5376-6 $x200700000000000959 $9190652160 045F $a929.094798 $eDDC23BSB 045F/01 $a929 045F/03 $g4798 lok: 39222439 78 exp: 39222439 78 1 #EPN 201B/01 $029-01-21 $t23:08:00.000 201U/01 $0utf8 203@/01 $0788320653 208@/01 $a11-11-16 $be 209A/01 $a/ $f000 $x00 220C/01 $aTitelaufnehmer: kk;sk 220C/01 $aHerkunft: HI Marburg 244Z/01 $2Trx $#Estija $#Igaunija $#Estland $#Estonia $#Estonia $#Estónsko $#Estonsko $8--Trx--Eesti $x01 $9391237225 244Z/01 $#Tartu $#Dorpat $#Dorpat Tartu $#Derpt $#Tartu, Töörahva Saadikute Nõukogu $#TSN $#Tartu, Sovet Trudjašcichsja Deputatov $#Tartu Linna TSN Täitevkomitee $#Töörahva Saadikute Nõukogu Tartu $#Sovet Trudjašcichsja Deputatov Tartu $71029285-8 $8--Tg1--Tartu $x02 $9042051304 244Z/01 $2Trx $8--Trx--Keyserling, Alexander von$Z1815-1891 $x03 $9390983314 244Z/01 $2Trx $8--Trx--Lintrop, Jaan$Z1885-1962 $x04 $9390761117 244Z/01 $#Bismarck, Otto $#Bismarck, Otto von $#Bismarck-Schönhausen, Otto Eduard Leopold von $#Bismarck, O. $#Bismarck-Schoenhausen, Otto von $#Bismark, O. $#Bismark-Shengauzen, Otto Eduard Leopolʹd fon $#Schönhausen, Otto Eduard Leopold von Bismarck- $#Bismarck-Schönhausen, ... $#Bismark, ... $#Bismarck, ... $#Bismarck, ... Fürst $#Bismarck, ... Graf von $#Bismarck, ... Prince de $#Bismarck, Otto $#Bismarck, Otto Graf von $#Bismarck, Otto v. $#Bismarck, Otto Eduard Leopold $#Bismarck, Otto Eduard Leopold von $#Bismarck, Otto Eduard Leopold Fürst von $#Bismarck-Schönhausen, Otto von $#Bismark, Oto fon $#Schönhausen, Otto von Bismarck- $#Pi-ssu-mai $#Bismark-Shengauzen, Otto Eduard Leopold fon $#Bismarck, Otto Fürst von $#Bismarck, Ottone di $#Bismark, Otto $#Bismarck, Otto Graf von $#Bismarck, Otto von Prince $#Von Bismarck, Otto $#Otto$#Bismarck, Otto Fürst von $#Bismark, Otto Fürst von $#奥托・冯・俾斯麦 $#俾斯麦, 奥托/冯 $711851136X $8--Tp1--Bismarck, Otto$cvon$Z1815-1898 $x05 $9086852493 244Z/01 $2Trx $#ülikoolid $#universitetai $#universitāte $#Universities $#egyetemek $#uniwersytety $#univerzity $#univerzity $#Hochschulen $#vysoké školy $8--Trx--Universitäten $x06 $9391373862 244Z/01 $2Trx $#korrespondenst $#susirašinėjimas $#Correspondences $#levelezés $#korespondencja $#korešpondencia $#korespondence $#laiškai $#Briefe $#Schriftverkehr $#listy $#listy $#dopisy $8--Trx--Korrespondenz $x07 $9391359568 244Z/01 $2Trx $8--Trx--Einzelbeiträge $x08 $9391384570 245Z/01 $a12.03 $x01 247C/01 $82080>Marburg/Lahn, Herder-Institut, Forschungsbibliothek, Bibliographieportal $9336309341
| LEADER | 00000caa a22000002c 4500 | ||
|---|---|---|---|
| 001 | 392224399 | ||
| 003 | DE-603 | ||
| 005 | 20210516202526.0 | ||
| 007 | tu | ||
| 008 | 161111s2007 xx |||| | u00||u|ger c | ||
| 035 | |a (DE-599)HEB392224399 | ||
| 040 | |a DE-603 |b ger |c DE-603 |d DE-603 | ||
| 041 | |a ger | ||
| 082 | 0 | 4 | |8 1\u |a 929.094798 |q DE-101 |2 23/BSB |
| 085 | |8 1\u |b 929 | ||
| 085 | |8 1\u |z 2 |s 4798 | ||
| 100 | 1 | |a Pistohlkors, Gert von |d 1935- |0 (DE-603)087823128 |0 (DE-588)119483459 |2 gnd | |
| 245 | 0 | 0 | |a Die politische Philosophie des Kurators der Dorpater Universität Alexander Graf Keyserling |
| 264 | 0 | |c 2007 | |
| 773 | 0 | 8 | |i In |t Baltisches Welterlebnis |d Heidelberg : Winter, 2007 |h 586 S., Ill. |z 9783825353766 |z 3825353761 |g (2007), Seite 41-60, Abb. |w (DE-603)190652160 |
| 924 | 0 | |9 2080 |a (DE-603)788320653 |b DE-2080 |c HES |d d |g / | |


